Countries with the Richest Heritage - Statistics

General Stats
  • This quiz has been taken 48 times
  • The average score is 16 of 20
Answer Stats
Rank Answer % Correct
13 China
95%
4 France
93%
1 Italy
93%
3 Spain
93%
20 Germany
90%
2 Greece
88%
10 India
88%
6 Japan
88%
15 United Kingdom
88%
7 Egypt
85%
5 Mexico
83%
12 Brazil
80%
8 Turkey
80%
11 Portugal
73%
18 Austria
68%
19 Australia
61%
9 Thailand
56%
17 Ireland
54%
14 Morocco
54%
16 Argentina
51%
No matching quizzes found
Score Distribution
Percent of People with Each Score
Percentile by Number Answered
Your Score History
You have not taken this quiz